Diagnóstico patológico de los elementos estructurales del centro de usos múltiples y convenciones CUMC ubicado en la ciudad de Managua

La presenta un estudio patológico enfocado a los elementos estructurales construidos en el centro de usos múltiples y convenciones (CUMC), actual polideportivo Alexis Arguello, identifica las lesiones presentes en los elementos estructurales y posteriormente, clasificar las lesiones según los mé...

Full description

Bibliographic Details
Main Authors: Pérez Cordonero, Bryan Rogelio, Sánchez Solórzano, José Carlos
Other Authors: Tutor: Gutiérrez, Henry Antonio
Format: Tesis Section = Libro
Language:Undetermined
Spanish
Published: Managua UNI 2018
Subjects:
LEADER 01443nam a2200253Ia 4500
008 240830s9999 xx 000 0 und d
040 |a BIBLIOTECA-RUPAP Mon 690.1 P438 
041 |a spa 
082 |a Mon 690.1 P438 
100 1 |a Pérez Cordonero, Bryan Rogelio 
100 1 |b Sánchez Solórzano, José Carlos 
245 1 0 |a Diagnóstico patológico de los elementos estructurales del centro de usos múltiples y convenciones CUMC ubicado en la ciudad de Managua 
260 |a Managua  |b UNI  |c 2018 
300 |a 121 p. :il. 
500 |a Contiene: anexos y CD 
502 |a Tesis (Ingeniero Civil)- UNI, 2018. 
520 3 |a La presenta un estudio patológico enfocado a los elementos estructurales construidos en el centro de usos múltiples y convenciones (CUMC), actual polideportivo Alexis Arguello, identifica las lesiones presentes en los elementos estructurales y posteriormente, clasificar las lesiones según los métodos propuestos por la normativa ACI 224. 1R-93, determinar las causas que originan la presencia de la patologías dispuestas según procedimientos establecidos, elaborar un informe a manera de diagnóstico en base a la investigación realizada. 
650 7 |a ELEMENTOS ESTRUCTURALES DE CONCRETO 
650 7 |b CONCRETOS-MATERIAL DE CONSTRUCCIÓN 
650 7 |c CONSTRUCCION DE CENTRO DE USOS MULTIPLES. 
700 1 |a Tutor:  |b Gutiérrez, Henry Antonio 
942 |c BK  |2 ddc 
991 |a TESIS 
999 |c 17858